[Event "39th TCh-GRE"]
[Site "Eretria GRE"]
[Date "2011.07.03"]
[Round "1.15"]
[White "Papadimitriou, Athanasios"]
[Black "Oikonomou, Nikolaos Ch."]
[Result "1-0"]
[WhiteElo "2184"]
[BlackElo "1407"]
[WhiteTeam "F.O. New Irakleion Attica 2173"]
[BlackTeam "CC Amfissa"]
[WhiteFideId "4213254"]
[BlackFideId "4269330"]
[EventDate "2011.07.03"]

1. Nf3 Nf6 2. g3 b6 3. Bg2 Bb7 4. c4 c5 5. O-O e6 6. Nc3 d6 7. b3 Be7 8. d4 cxd4
9. Qxd4 Nbd7 10. Rd1 a6 11. Bb2 O-O 12. Ng5 Bxg2 13. Kxg2 h6 14. Nge4 Rb8 15.
Nxd6 Qc7 16. Nde4 Rfd8 17. f3 Nxe4 18. Nxe4 Nf6 19. Qe3 Nxe4 20. Qxe4 Rd7 21.
Be5 Bd6 22. Rxd6 Rxd6 23. Rd1 Rbd8 24. Rxd6 Rxd6 25. Qf4 Qc5 26. Bxd6 Qa5 27.
Qe4 Qxa2 28. b4 Qa3 29. c5 bxc5 30. bxc5 a5 31. Qc2 a4 32. c6 Qxd6 33. c7 1-0

[Event "39th TCh-GRE"]
[Site "Eretria GRE"]
[Date "2011.07.03"]
[Round "1.16"]
[White "Reitzopoulos, Konstantinos"]
[Black "Berg, Emanuel"]
[Result "0-1"]
[BlackTitle "GM"]
[WhiteElo "1908"]
[BlackElo "2604"]
[WhiteTeam "Chess Union Kalamata"]
[BlackTeam "Ptolemaida Ptolemaios CC"]
[WhiteFideId "4252055"]
[BlackFideId "1704060"]
[EventDate "2011.07.03"]

1. d4 e6 2. c4 c5 3. d5 exd5 4. cxd5 d6 5. Nc3 g6 6. e4 Bg7 7. Nf3 a6 8. a4 Bg4
9. Bd3 Nd7 10. O-O Ngf6 11. Bf4 Qe7 12. h3 Bxf3 13. Qxf3 Nh5 14. Bh2 Be5 15.
Bxe5 Nxe5 16. Qe3 g5 17. Rfe1 Nf4 18. Bf1 h5 19. g3 Rg8 20. Kh1 Nfg6 21. f4 gxf4
22. gxf4 Nd7 23. e5 dxe5 24. d6 Qxd6 25. Rad1 Qe6 26. fxe5 O-O-O 27. Bg2 Ngxe5
28. Ne4 Kb8 29. Nxc5 Nxc5 30. Rxd8+ Rxd8 31. Qxc5 f6 32. Qb4 Rd7 33. Qf8+ Ka7
34. Qc8 Qb6 35. a5 Qxa5 36. Rc1 Qb6 37. Qh8 Rd2 38. Rc8 Rd1+ 39. Kh2 Qg1+ 40.
Kg3 Qe1+ 41. Kf4 Qf2+ 0-1

[Event "39th TCh-GRE"]
[Site "Eretria GRE"]
[Date "2011.07.03"]
[Round "1.16"]
[White "Lagopatis, Nikolaos"]
[Black "Pantazis, Konstantinos"]
[Result "1-0"]
[WhiteElo "2181"]
[BlackElo "1628"]
[WhiteTeam "Ptolemaida Ptolemaios CC"]
[BlackTeam "Chess Union Kalamata"]
[WhiteFideId "4200489"]
[BlackFideId "4241231"]
[EventDate "2011.07.03"]

1. e4 c6 2. d3 d5 3. Nd2 Nd7 4. Ngf3 dxe4 5. dxe4 Qc7 6. Bc4 Ngf6 7. O-O e6 8.
a4 a5 9. Re1 Bd6 10. h3 O-O 11. Qe2 Ne5 12. Nxe5 Bxe5 13. Nf3 Bf4 14. e5 Bxc1
15. Raxc1 Nd5 16. Qe4 Ne7 17. Bd3 Ng6 18. Qg4 f5 19. exf6 Rxf6 20. Qh5 Nf8 21.
Re5 Bd7 22. Rce1 Be8 23. Qg4 Bf7 24. b3 Rd8 25. h4 Qb8 26. Rxa5 Qf4 27. Qxf4
Rxf4 28. Re3 1-0

[Event "39th TCh-GRE"]
[Site "Eretria GRE"]
[Date "2011.07.03"]
[Round "1.16"]
[White "Cramling, Pia"]
[Black "Genova, Ruzka"]
[Result "1-0"]
[WhiteTitle "GM"]
[BlackTitle "WIM"]
[WhiteElo "2472"]
[BlackElo "2188"]
[WhiteTeam "Ptolemaida Ptolemaios CC"]
[BlackTeam "Chess Union Kalamata"]
[WhiteFideId "1700030"]
[BlackFideId "2902273"]
[EventDate "2011.07.03"]

1. d4 d5 2. Bf4 Nf6 3. e3 g6 4. c4 Bg7 5. Nc3 c6 6. Rc1 O-O 7. h3 Qa5 8. Qd2 Be6
9. b3 Nbd7 10. Nf3 Rfc8 11. Be2 c5 12. O-O dxc4 13. d5 Nxd5 14. Nxd5 Qxd2 15.
Nxe7+ Kf8 16. Nxd2 Kxe7 17. Nxc4 Bxc4 18. Rxc4 Be5 19. Re4 f6 20. Bxe5 fxe5 21.
Bg4 Rc6 22. Bxd7 Kxd7 23. Rxe5 Rac8 24. Rc1 b6 25. Kf1 Rd6 26. Ke2 Rf8 27. f4
Rf7 28. Rc3 Kc6 29. Rd3 Rfd7 30. Rxd6+ Kxd6 31. h4 Kc6 32. h5 gxh5 33. Rxh5 Kb5
34. f5 Kb4 35. f6 Ka3 36. e4 Kxa2 37. Rh3 b5 38. e5 c4 39. bxc4 b4 40. e6 Rd6
41. e7 Re6+ 42. Re3 1-0

[Event "39th TCh-GRE"]
[Site "Eretria GRE"]
[Date "2011.07.03"]
[Round "1.16"]
[White "Mavromihalis, Konstantinos"]
[Black "Babalikis, Alexandros"]
[Result "1-0"]
[WhiteElo "1816"]
[BlackElo "1592"]
[WhiteTeam "Chess Union Kalamata"]
[BlackTeam "Ptolemaida Ptolemaios CC"]
[WhiteFideId "4239342"]
[BlackFideId "4251091"]
[EventDate "2011.07.03"]

1. d4 Nf6 2. c4 Nc6 3. Nf3 e6 4. Nc3 Bb4 5. Bg5 Ne7 6. Bxf6 gxf6 7. Qc2 Ng6 8.
e3 O-O 9. g4 b6 10. h4 Bb7 11. Rh3 Bxc3+ 12. bxc3 Bxf3 13. Rxf3 Nxh4 14. Rh3 Ng6
15. f4 Re8 16. Bd3 Kg7 17. f5 Nf8 18. fxe6 Ng6 19. exf7 Rh8 20. O-O-O Qe7 21.
Rdh1 Qxf7 22. Qh2 Qg8 23. Qxc7 Rd8 24. Bxg6 Kxg6 25. Rh6+ Kg7 26. g5 Qe6 27.
gxf6+ Kf7 28. Qg3 Rhg8 29. Rxh7+ Kf8 30. Rh8 Qxc4 31. Qg7+ 1-0

[Event "39th TCh-GRE"]
[Site "Eretria GRE"]
[Date "2011.07.03"]
[Round "1.17"]
[White "Karagiannis, Athanasios"]
[Black "Tepelenis, Nikolaos"]
[Result "0-1"]
[WhiteTitle "IM"]
[WhiteElo "2340"]
[BlackElo "2156"]
[WhiteTeam "Aigaleo CC"]
[BlackTeam "Association of Chess Players of Ioannina"]
[WhiteFideId "4201256"]
[BlackFideId "4207599"]
[EventDate "2011.07.03"]

1. Nf3 d5 2. d4 Nf6 3. c4 dxc4 4. Nc3 a6 5. a4 Nc6 6. e3 Na5 7. Ne5 Be6 8. Be2
g6 9. Bf3 c6 10. h4 h5 11. O-O Bg7 12. Qc2 O-O 13. Bd2 Nb3 14. Ra3 Nd7 15. Nxd7
Qxd7 16. a5 Bf5 17. Be4 e5 18. Bxf5 Qxf5 19. Qxf5 gxf5 20. Rd1 exd4 21. exd4
Bxd4 22. Ra4 Rad8 23. Rxc4 Bxc3 24. Rxc3 Nxd2 25. Re1 Ne4 26. Rb3 Rd7 27. f3 Nf6
28. Re5 Re8 29. Rxf5 Kg7 30. Rb4 Re6 31. Rg5+ Kf8 32. Rf5 Ke7 33. Rbf4 Rd5 34.
Rxd5 Nxd5 35. Rf5 Nf6 36. Rf4 Re5 37. g4 hxg4 38. fxg4 Re4 39. Rxe4+ Nxe4 40.
Kg2 Nc5 41. Kf3 Nb3 42. g5 Nxa5 43. h5 Nc4 44. Ke4 Ke6 45. Kd4 Ne5 46. b4 b6 47.
Ke4 a5 0-1

[Event "39th TCh-GRE"]
[Site "Eretria GRE"]
[Date "2011.07.03"]
[Round "1.17"]
[White "Papageorgiou, Ioannis2"]
[Black "Spirakopoulos, Ioannis"]
[Result "0-1"]
[WhiteElo "1937"]
[BlackElo "2155"]
[WhiteTeam "Association of Chess Players of Ioannina"]
[BlackTeam "Aigaleo CC"]
[WhiteFideId "4220056"]
[BlackFideId "4204123"]
[EventDate "2011.07.03"]

1. d4 Nf6 2. Nc3 d5 3. Bg5 e6 4. e4 Bb4 5. e5 h6 6. Bd2 Bxc3 7. bxc3 Ne4 8. Bd3
Nxd2 9. Qxd2 c5 10. f4 Nc6 11. Bb5 Qa5 12. Bxc6+ bxc6 13. Nf3 Ba6 14. Kf2 Rb8
15. Ke3 O-O 16. g4 Rb2 17. a4 Rfb8 18. Ra3 R8b7 19. f5 cxd4+ 20. cxd4 R7b4 21.
Rha1 c5 22. Rb3 R4xb3+ 0-1

[Event "39th TCh-GRE"]
[Site "Eretria GRE"]
[Date "2011.07.03"]
[Round "1.17"]
[White "Tsiropoulas, Apostolos"]
[Black "Basios, Athanasios"]
[Result "1/2-1/2"]
[WhiteElo "2073"]
[BlackElo "1916"]
[WhiteTeam "Aigaleo CC"]
[BlackTeam "Association of Chess Players of Ioannina"]
[WhiteFideId "4209575"]
[BlackFideId "4215494"]
[EventDate "2011.07.03"]

1. d4 Nf6 2. Nf3 g6 3. c4 Bg7 4. g3 O-O 5. Bg2 d6 6. O-O c6 7. Nc3 Qa5 8. Qc2
Qh5 9. Bg5 Na6 10. Rad1 Bf5 11. Qc1 Rfd8 12. Nh4 Bd7 13. Bf3 Bg4 14. Bxg4 Qxg4
15. Kg2 Ne4 16. Nf3 Nxg5 17. Qxg5 Qxg5 18. Nxg5 Rac8 19. b3 Nb4 20. e3 c5 21.
Nf3 a6 22. a4 cxd4 23. Nxd4 e6 24. e4 Nc6 25. Nce2 Na5 26. Rd3 Re8 27. Rfd1 Bf6
28. Nf3 Be7 29. g4 Nc6 30. Kg3 Nb4 31. R3d2 f6 32. h4 h6 33. h5 g5 34. Nfd4 Kf7
35. Nf3 Rb8 36. Nc3 b6 37. Ne1 Rec8 38. Nd3 Nc6 39. Ne1 Nb4 40. Ng2 Nc6 41. Ne3
Na7 42. Ra2 Nc6 43. Ng2 Na5 44. Rb1 Bd8 45. Kf3 Nc6 46. Ke3 Nb4 47. Rd2 Bc7 48.
Ke2 Ke7 49. Ne3 Nc6 50. Nc2 Rd8 1/2-1/2

[Event "39th TCh-GRE"]
[Site "Eretria GRE"]
[Date "2011.07.03"]
[Round "1.17"]
[White "Liaskos, Leonidas"]
[Black "Sigkounas, Alkis"]
[Result "1-0"]
[WhiteElo "2107"]
[BlackElo "1727"]
[WhiteTeam "Aigaleo CC"]
[BlackTeam "Association of Chess Players of Ioannina"]
[WhiteFideId "4211421"]
[BlackFideId "4238842"]
[EventDate "2011.07.03"]

1. e4 e6 2. d4 d5 3. Nc3 Nf6 4. Bg5 dxe4 5. Nxe4 Be7 6. Nxf6+ Bxf6 7. Bxf6 Qxf6
8. Bd3 Bd7 9. Nf3 Nc6 10. c3 O-O-O 11. O-O e5 12. d5 Ne7 13. c4 Bg4 14. Re1 Ng6
15. Be4 Nf4 16. Qb3 Qe7 17. d6 cxd6 18. Nd4 Ne6 19. Nb5 Kb8 20. Qe3 b6 21. b4
Nc7 22. a4 Be6 23. Nxa7 Kxa7 24. a5 Kb8 25. Qxb6+ Kc8 26. Qb7+ 1-0

[Event "39th TCh-GRE"]
[Site "Eretria GRE"]
[Date "2011.07.04"]
[Round "2.1"]
[White "Mastrovasilis, Dimitrios"]
[Black "Navara, David"]
[Result "1/2-1/2"]
[WhiteTitle "GM"]
[BlackTitle "GM"]
[WhiteElo "2604"]
[BlackElo "2722"]
[WhiteTeam "ES Thessaloniki"]
[BlackTeam "OS Triandria"]
[WhiteFideId "4202694"]
[BlackFideId "309095"]
[EventDate "2011.07.03"]

1. e4 c6 2. Nc3 d5 3. Nf3 Bg4 4. h3 Bxf3 5. Qxf3 e6 6. d3 Nf6 7. Bd2 Nbd7 8. g4
h6 9. Qg3 Bb4 10. O-O-O Bxc3 11. Bxc3 dxe4 12. Bg2 exd3 13. Rxd3 Nd5 14. Bxd5
cxd5 15. Qd6 Nf6 16. Qb4 Ne4 17. Re1 Qb6 18. Qxb6 axb6 19. Bxg7 Rh7 20. Bd4 Rxa2
21. Kb1 Ra6 22. f3 Nd6 23. Re5 Ke7 24. Rh5 f6 25. Be3 Nf7 26. Rb3 Ng5 27. Bxb6
Kf7 28. Be3 b6 29. Bxg5 fxg5 30. h4 gxh4 31. f4 Ra4 32. f5 Rxg4 33. Rxb6 e5 34.
Rb7+ Kg8 35. Rb8+ Kg7 36. Rb7+ Kh8 37. Rb8+ Rg8 38. Rb5 Rg1+ 39. Ka2 Rg3 40.
Rb8+ 1/2-1/2

[Event "39th TCh-GRE"]
[Site "Eretria GRE"]
[Date "2011.07.04"]
[Round "2.1"]
[White "Argiroudis, Stamatis"]
[Black "Sedlak, Nikola"]
[Result "0-1"]
[BlackTitle "GM"]
[WhiteElo "2308"]
[BlackElo "2580"]
[WhiteTeam "OS Triandria"]
[BlackTeam "ES Thessaloniki"]
[WhiteFideId "4202210"]
[BlackFideId "922900"]
[EventDate "2011.07.03"]

1. Nf3 Nf6 2. d4 g6 3. c4 Bg7 4. Nc3 d5 5. Bg5 Ne4 6. Bf4 Nxc3 7. bxc3 c5 8. e3
O-O 9. cxd5 Qxd5 10. Be2 cxd4 11. cxd4 Qa5+ 12. Qd2 Nc6 13. Qxa5 Nxa5 14. O-O
Be6 15. Rfc1 Rfc8 16. Nd2 Rxc1+ 17. Rxc1 Bxa2 18. Bf3 Nc6 19. Ra1 e5 20. Rxa2
exf4 21. Bxc6 bxc6 22. Nc4 a6 23. Kf1 fxe3 24. fxe3 Bf8 25. Ra4 f5 26. Ke2 Kf7
27. Ne5+ Ke6 28. Nxc6 Bd6 29. h3 Kd5 30. Na5 Bc7 31. Kd3 Rb8 32. Rc4 Bd6 33. Rc6
Rb3+ 34. Nxb3 Kxc6 35. Kc4 Kb6 36. Nd2 a5 37. Nf3 a4 0-1

[Event "39th TCh-GRE"]
[Site "Eretria GRE"]
[Date "2011.07.04"]
[Round "2.1"]
[White "Malikentzos, Sotirios"]
[Black "Kelesiadis, Georgios"]
[Result "1/2-1/2"]
[WhiteTitle "FM"]
[WhiteElo "2314"]
[BlackElo "2095"]
[WhiteTeam "ES Thessaloniki"]
[BlackTeam "OS Triandria"]
[WhiteFideId "4215079"]
[BlackFideId "4205740"]
[EventDate "2011.07.03"]

1. d4 e6 2. c4 f5 3. Nf3 Nf6 4. g3 c6 5. Bg2 d5 6. O-O Bd6 7. b3 Qe7 8. a4 a5 9.
Ba3 Bxa3 10. Nxa3 Nbd7 11. Nc2 O-O 12. Nce1 b6 13. Nd3 Bb7 14. Rc1 Rfc8 15. Nfe5
Nxe5 16. Nxe5 Nd7 17. Nd3 Ba6 18. Qd2 Nf6 19. Qe3 Ng4 20. Qf4 g5 21. Qd2 Qg7 22.
h3 Nh6 23. Qe3 Qf6 24. Ne5 Qe7 25. h4 f4 26. Qd2 Nf5 27. Bh3 Qg7 28. Bxf5 exf5
29. hxg5 Qxg5 30. Qxf4 Qxf4 31. gxf4 dxc4 32. bxc4 b5 33. Kh2 Ra7 34. Rg1+ Rg7
35. Rxg7+ Kxg7 36. Rg1+ Kf6 37. Nd7+ Kf7 38. Nc5 Ra8 39. d5 bxc4 40. dxc6 c3 41.
Rc1 Bxe2 42. Rxc3 Ke7 43. Nb7 Bd1 44. Re3+ Kf6 45. Nc5 Rc8 46. Nd7+ Kf7 47. Ne5+
Kf6 48. Rh3 Bxa4 49. Rxh7 Bb3 50. c7 Bg8 51. Rh6+ Ke7 52. Rh8 Be6 53. Rxc8 Bxc8
54. Nc6+ Kd6 55. Nxa5 Kxc7 56. Nc4 Kc6 57. Kg3 Ba6 58. Ne3 Bd3 59. Kh4 Kd6 60.
Kg5 Ke6 61. Ng2 Be4 62. Nh4 Bd3 63. Nf3 Kd5 64. Nh4 Ke4 65. Ng2 Bf1 66. Ne1 Bh3
67. Kh4 Bg4 68. Kg5 Bh3 69. Kh4 Bg4 70. Kg3 Bd1 71. Ng2 Be2 72. Nh4 Bd3 73. Nf3
Bc2 74. Ng5+ Kd4 75. Kf3 Bd1+ 76. Kg3 Bc2 77. Ne6+ Ke4 78. Ng7 Bd3 79. Ne8 Bc2
80. Nf6+ Kd3 81. Nd5 Ke4 82. Nb4 Ba4 83. Na6 Bc2 84. Nc5+ Kd5 85. Nd7 Ke4 86.
Nf8 Bd3 87. Ng6 Bc2 88. Nh4 Bd3 89. Ng2 Bf1 90. f3+ Kd4 91. Nh4 Bd3 92. Kf2 Bc2
93. Ke2 Bd3+ 94. Kd2 Bb1 95. Ng6 Ba2 96. Ne7 Bb1 97. Nc6+ Kc5 98. Na5 Ba2 99.
Nb7+ Kd4 100. Nd6 Bb1 101. Nf7 Bd3 102. Ng5 Bb1 103. Nh3 Bd3 104. Ng1 Bf1 105.
Ke1 Bd3 106. Kf2 Bc4 107. Nh3 Bd3 108. Ng5 Bc4 109. Nh7 Kd3 110. Nf6 Kd2 111.
Nd7 Bb3 112. Ne5 Bc2 113. Nc4+ Kc3 114. Ne3 Bd3 115. Ke1 Bb1 116. Nf1 Kd3 117.
Kf2 Ba2 118. Ng3 Be6 119. Ne2 Bd5 120. Ng3 Be6 121. Nh5 Kd2 122. Nf6 Bc4 123.
Nd7 Bd3 124. Ne5 Bc2 125. Kg3 Ke3 126. Nc4+ Kd4 127. Nd6 Ke3 128. Nc4+ Kd4 129.
Nd2 Ke3 130. Nf1+ Ke2 131. Nh2 Ke3 132. Ng4+ fxg4 1/2-1/2

[Event "39th TCh-GRE"]
[Site "Eretria GRE"]
[Date "2011.07.04"]
[Round "2.1"]
[White "Berzina, Ilze"]
[Black "Zawadzka, Jolanta"]
[Result "1-0"]
[WhiteTitle "WGM"]
[BlackTitle "WGM"]
[WhiteElo "2307"]
[BlackElo "2405"]
[WhiteTeam "OS Triandria"]
[BlackTeam "ES Thessaloniki"]
[WhiteFideId "11601345"]
[BlackFideId "1122320"]
[EventDate "2011.07.03"]

1. e4 c5 2. Nf3 e6 3. c4 Nc6 4. Nc3 e5 5. g3 d6 6. Bg2 g6 7. O-O Bg7 8. d3 Nge7
9. Be3 O-O 10. Nh4 Nd4 11. Qd2 f5 12. f4 Nec6 13. fxe5 Nxe5 14. exf5 Nxf5 15.
Bg5 Qa5 16. Nxf5 Rxf5 17. Bd5+ Kh8 18. Bh6 Qd8 19. Be4 Rxf1+ 20. Rxf1 Bh3 21.
Bxg7+ Kxg7 22. Rf4 Qd7 23. Nd5 Be6 24. d4 cxd4 25. Qxd4 Bxd5 26. Bxd5 Rf8 27.
Rxf8 Kxf8 28. Qxa7 Qg4 29. Qb8+ Ke7 30. Qxb7+ Kf6 31. Qb6 Kg7 32. Qf2 h5 33. h4
Qd1+ 34. Kg2 Qb1 35. a3 Qa2 36. Qa7+ Kh6 37. Qb8 Kg7 38. Qg8+ Kf6 39. Qf8+ 1-0

[Event "39th TCh-GRE"]
[Site "Eretria GRE"]
[Date "2011.07.04"]
[Round "2.1"]
[White "Papathanasiou, Ageliki"]
[Black "Vafiadou, Asimenia"]
[Result "1-0"]
[WhiteElo "1817"]
[BlackElo "1641"]
[WhiteTeam "ES Thessaloniki"]
[BlackTeam "OS Triandria"]
[WhiteFideId "4224728"]
[BlackFideId "4218914"]
[EventDate "2011.07.03"]

1. e4 Nf6 2. e5 Nd5 3. c4 Nb6 4. c5 Nd5 5. Nc3 Nxc3 6. dxc3 d6 7. cxd6 exd6 8.
Bc4 Nc6 9. Nf3 Be7 10. exd6 Qxd6 11. O-O O-O 12. Qc2 Qc5 13. Bd3 h6 14. Be3 Qh5
15. Bf4 Bd8 16. Rfe1 Be6 17. Ne5 Nxe5 18. Rxe5 Qh4 19. Bg3 Qf6 20. Rae1 c6 21.
R5e3 Bb6 22. Be5 Qd8 23. Rg3 g5 24. Bh7# 1-0

[Event "39th TCh-GRE"]
[Site "Eretria GRE"]
[Date "2011.07.04"]
[Round "2.1"]
[White "Koutsoura, Georgia"]
[Black "Pasoglou, Ekaterini"]
[Result "0-1"]
[WhiteElo "1374"]
[BlackElo "1483"]
[WhiteTeam "OS Triandria"]
[BlackTeam "ES Thessaloniki"]
[WhiteFideId "4247930"]
[BlackFideId "4247663"]
[EventDate "2011.07.03"]

1. d4 Nf6 2. Nf3 e6 3. Bf4 c5 4. e3 Nc6 5. Nbd2 d5 6. c3 Bd6 7. Bg3 Bxg3 8. hxg3
Qd6 9. Be2 h6 10. Qb3 c4 11. Qc2 b5 12. e4 e5 13. Rd1 O-O 14. exd5 exd4 15. Bxc4
bxc4 16. dxc6 Re8+ 17. Kf1 d3 18. Qa4 Re2 19. Nxc4 Qc5 20. Nd4 Ne4 21. Qb5 Rxf2+
22. Kg1 Qxb5 23. Nxb5 Bg4 24. Rxd3 Be2 25. Rd4 Rf1+ 26. Kh2 Rxh1+ 27. Kxh1 Nxg3+
28. Kg1 Bh5 29. c7 Ne2+ 30. Kf2 Nxd4 31. cxd4 Bg4 32. d5 Kf8 33. Ne5 Bc8 34. d6
Ke8 35. Ke3 f6 36. Nc4 Kd7 37. Kd4 Ba6 38. Kc5 g5 39. a4 h5 40. b4 h4 41. Nba3
g4 42. b5 Bc8 43. Nc2 h3 44. N2e3 h2 45. Nxg4 h1=Q 46. Nxf6+ Ke6 47. Nd5 Qh5 48.
Ne3 Qe5 49. Kc4 Qxd6 50. Kc3 Qa3+ 51. Kd4 Qxa4+ 52. Kc5 Qa3+ 53. Kd4 Qa4+ 54.
Kc5 Bb7 55. g3 Qa3+ 56. Kd4 Bxd5 57. Nxd5 Qd6 58. Ke4 Qxd5+ 59. Ke3 Qxb5 60. Ke4
Qc4+ 61. Ke3 Kd7 62. Kf3 Re8 63. g4 Qf1+ 0-1

[Event "39th TCh-GRE"]
[Site "Eretria GRE"]
[Date "2011.07.04"]
[Round "2.1"]
[White "Ballas, Kleon-Evangelos"]
[Black "Konstantinidis, Konstantinos"]
[Result "1-0"]
[WhiteElo "1937"]
[BlackElo "1943"]
[WhiteTeam "ES Thessaloniki"]
[BlackTeam "OS Triandria"]
[WhiteFideId "4215311"]
[BlackFideId "4216199"]
[EventDate "2011.07.03"]

1. d4 Nf6 2. c4 e6 3. Nf3 Bb4+ 4. Bd2 Qe7 5. a3 Bxd2+ 6. Qxd2 O-O 7. Nc3 d6 8.
e3 e5 9. d5 e4 10. Nd4 Re8 11. Be2 Nbd7 12. b4 Ne5 13. f4 exf3 14. gxf3 a5 15.
b5 Ng6 16. e4 Qe5 17. b6 c6 18. dxc6 bxc6 19. Nxc6 Qc5 20. Nd4 Qxb6 21. Rb1 Qc5
22. Rb5 Qc7 23. Nd5 Nxd5 24. Rxd5 Be6 25. Nb5 Qe7 26. Rxd6 Qh4+ 27. Kd1 Rec8 28.
Nd4 Nf4 29. Nxe6 Nxe6 30. Kc2 Qf2 31. Rf1 Qxh2 32. f4 Nc5 33. Rd1 Qh4 34. Qd5 h6
35. Qf5 Qf2 36. R1d2 Qe3 37. Bd3 Nxd3 38. R6xd3 Rxc4+ 39. Kb3 Qb6+ 40. Kxc4 Qc6+
41. Qc5 Qxe4+ 42. Rd4 Qe6+ 43. Kc3 Kh7 44. Qd5 Rc8+ 45. Kb2 Rb8+ 46. Ka2 Qb6 47.
Qf5+ Kg8 48. Qd3 Qe6+ 49. Ka1 Qf6 50. Qc3 Qh4 51. Qc7 Re8 52. Rd8 Qf6+ 53. Kb1
Qg6+ 54. Kc1 Qg1+ 55. Kb2 1-0

[Event "39th TCh-GRE"]
[Site "Eretria GRE"]
[Date "2011.07.04"]
[Round "2.1"]
[White "Tsaknakis, Zisis"]
[Black "Ballas, Athanasios-panagiotis"]
[Result "1-0"]
[WhiteElo "1579"]
[BlackElo "1753"]
[WhiteTeam "OS Triandria"]
[BlackTeam "ES Thessaloniki"]
[WhiteFideId "4259963"]
[BlackFideId "4224078"]
[EventDate "2011.07.03"]

1. e4 c5 2. Nc3 Nc6 3. g3 g6 4. Bg2 Bg7 5. d3 e6 6. Be3 d6 7. Qd2 Rb8 8. Nge2 b5
9. O-O b4 10. Nd1 Nd4 11. Rc1 Qa5 12. Bxd4 cxd4 13. a3 Ne7 14. axb4 Qxb4 15.
Qxb4 Rxb4 16. Ra1 Nc6 17. f4 Ke7 18. c3 dxc3 19. bxc3 Rb6 20. Ne3 Ba6 21. Rfd1
Rhb8 22. f5 Ne5 23. Nf4 Bh6 24. d4 Bxf4 25. gxf4 Nd3 26. Rxa6 Rxa6 27. Rxd3 Rb3
28. fxg6 hxg6 29. Nd1 Ra2 30. f5 a5 31. fxe6 fxe6 32. d5 e5 33. Rg3 Rd2 34. Bf3
Rb1 35. Rxg6 Rbxd1+ 36. Bxd1 Rxd1+ 37. Kf2 Rd2+ 38. Ke3 Rxh2 39. Rg7+ Kf6 40.
Rd7 1-0

[Event "39th TCh-GRE"]
[Site "Eretria GRE"]
[Date "2011.07.04"]
[Round "2.2"]
[White "Nikolaidis, Ioannis"]
[Black "Ivanchuk, Vassily"]
[Result "1/2-1/2"]
[WhiteTitle "GM"]
[BlackTitle "GM"]
[WhiteElo "2545"]
[BlackElo "2768"]
[WhiteTeam "AO Kydon Chania"]
[BlackTeam "SS Peristeri"]
[WhiteFideId "4202139"]
[BlackFideId "14100010"]
[EventDate "2011.07.03"]

1. c4 c5 2. Nc3 Nf6 3. Nf3 e6 4. e3 d5 5. d4 Nc6 6. a3 dxc4 7. Bxc4 a6 8. O-O b5
9. Ba2 Bb7 10. Qe2 Be7 11. dxc5 Bxc5 12. b4 Bd6 13. Bb2 O-O 14. Rfd1 Qe7 15.
Rac1 Rfd8 16. Nb1 Nd7 17. Nbd2 Nce5 18. Bb1 Nxf3+ 19. Nxf3 Nb6 20. Nd2 e5 21.
Ne4 Nc4 22. Bd3 Bxe4 23. Bxe4 Rac8 24. Bd5 Nxb2 25. Qxb2 g6 26. g3 Rxc1 27. Qxc1
Qc7 28. Qxc7 Bxc7 29. Bb3 Rxd1+ 30. Bxd1 1/2-1/2

[Event "39th TCh-GRE"]
[Site "Eretria GRE"]
[Date "2011.07.04"]
[Round "2.2"]
[White "Kotronias, Vasilios"]
[Black "Souleidis, Georgios"]
[Result "1-0"]
[WhiteTitle "GM"]
[BlackTitle "IM"]
[WhiteElo "2588"]
[BlackElo "2389"]
[WhiteTeam "SS Peristeri"]
[BlackTeam "AO Kydon Chania"]
[WhiteFideId "5900212"]
[BlackFideId "4206827"]
[EventDate "2011.07.03"]

1. e4 g6 2. d4 Bg7 3. Nc3 c6 4. h3 d5 5. Nf3 dxe4 6. Nxe4 Nd7 7. Bc4 Ngf6 8.
Nxf6+ Nxf6 9. O-O O-O 10. Re1 Bf5 11. c3 Be4 12. Bg5 Bd5 13. Bd3 Re8 14. Ne5 Nd7
15. Ng4 Nf6 16. Nh6+ Kf8 17. Qd2 Ng8 18. Ng4 Nf6 19. Ne5 Nd7 20. Ng4 Nf6 21. Ne5
Nd7 22. Nc4 f6 23. Bf4 Kg8 24. h4 Bf7 25. Qc2 Nf8 26. Bg3 Qd7 27. b4 Bh6 28. a4
Ne6 29. h5 Nf4 30. Bxf4 Bxf4 31. Rad1 Kg7 32. Qe2 Rad8 33. Qf3 Bb8 34. Ne3 Qd6
35. g3 Qd7 36. Kg2 Bd5 37. Nxd5 Qxd5 38. Be4 Qg5 39. Rh1 Bd6 40. b5 cxb5 41.
axb5 b6 42. Ra1 Bb8 43. Rh4 f5 44. Bc6 Rh8 45. Re1 Qf6 46. Bd5 Rhf8 47. Re6 Qg5
48. Qe2 Rf7 49. c4 Rxd5 50. hxg6 hxg6 51. cxd5 f4 52. Rg4 Qxd5+ 53. f3 g5 54.
Rxe7 fxg3 55. Rxf7+ Kxf7 56. Re4 Bd6 57. Qc2 Qxb5 58. Qa2+ Kf8 59. Qe6 Qb2+ 60.
Re2 Qxd4 61. Qe8+ Kg7 62. Qd7+ Kh6 63. Re6+ Kh5 1-0

[Event "39th TCh-GRE"]
[Site "Eretria GRE"]
[Date "2011.07.04"]
[Round "2.2"]
[White "Pavlidis, Anastasios"]
[Black "Banikas, Hristos"]
[Result "0-1"]
[WhiteTitle "FM"]
[BlackTitle "GM"]
[WhiteElo "2323"]
[BlackElo "2593"]
[WhiteTeam "AO Kydon Chania"]
[BlackTeam "SS Peristeri"]
[WhiteFideId "4208404"]
[BlackFideId "4202031"]
[EventDate "2011.07.03"]

1. d4 Nf6 2. c4 g6 3. Nc3 Bg7 4. e4 d6 5. Nf3 O-O 6. Be2 c5 7. d5 e6 8. O-O Re8
9. Nd2 Na6 10. f4 exd5 11. cxd5 Nc7 12. a4 Rb8 13. Bf3 a6 14. a5 Bd7 15. Re1 Bb5
16. Nb3 Bc4 17. Be3 Nb5 18. Nxb5 axb5 19. Bf2 Nd7 20. Qc2 Qf6 21. Bg4 Nf8 22.
Rab1 Qxf4 23. Bf3 Bxb3 24. Qxb3 b4 25. Qa4 Be5 26. Bg3 Qg5 27. Bf2 Ra8 28. Qb5
Qe7 29. Bg4 h5 30. Bh3 Qc7 31. b3 Qxa5 32. Qxb7 Ra7 33. Qc6 Rb8 0-1

[Event "39th TCh-GRE"]
[Site "Eretria GRE"]
[Date "2011.07.04"]
[Round "2.2"]
[White "Papadopoulou, Vera"]
[Black "Pavlidou, Ekaterini"]
[Result "1/2-1/2"]
[WhiteTitle "WIM"]
[BlackTitle "WIM"]
[WhiteElo "2210"]
[BlackElo "2220"]
[WhiteTeam "SS Peristeri"]
[BlackTeam "AO Kydon Chania"]
[WhiteFideId "4205472"]
[BlackFideId "4213262"]
[EventDate "2011.07.03"]

1. d4 Nf6 2. c4 e6 3. Nc3 Bb4 4. e3 O-O 5. Bd3 d5 6. a3 Bxc3+ 7. bxc3 c5 8. cxd5
exd5 9. Ne2 Re8 10. O-O Nbd7 11. f3 Nf8 12. Ng3 a6 13. Qd2 b5 14. Bb2 Ra7 15. e4
dxe4 16. fxe4 Ng4 17. h3 Ne5 18. dxe5 Rd7 19. Qf2 Rxd3 20. Qxf7+ Kh8 21. Nf5
Bxf5 22. exf5 Rd7 23. Qh5 c4 24. e6 Rd5 25. Rad1 g6 26. Qe2 Rxd1 27. Rxd1 Qb6+
28. Kh1 gxf5 29. Qe5+ Kg8 30. e7 Ng6 31. Qxf5 Rxe7 32. Bc1 Qe6 33. Qf3 Qe4 34.
Qf6 Re8 35. Bh6 Qe5 36. Qf3 Qe6 37. Rf1 Qe7 38. Qd5+ Qe6 39. Qb7 Re7 40. Qa8+
Re8 41. Qf3 Qe7 42. Qd5+ Qe6 43. Qf3 Qe7 44. Qd5+ Qe6 45. Qf3 1/2-1/2